Nimelogwa nisiwe na mpenzi / (Record no. 29434)
[ view plain ]
| 000 -LEADER | |
|---|---|
| fixed length control field | 00728cam a22002417a 4500 |
| 001 - CONTROL NUMBER | |
| control field | 16970373 |
| 003 - CONTROL NUMBER IDENTIFIER | |
| control field | OSt |
| 005 - DATE AND TIME OF LATEST TRANSACTION | |
| control field | 20181211020110.0 |
| 008 - FIXED-LENGTH DATA ELEMENTS--GENERAL INFORMATION | |
| fixed length control field | 110921s2011 ke 000 d swa |
| 010 ## - LIBRARY OF CONGRESS CONTROL NUMBER | |
| LC control number | 2011348608 |
| 020 ## - INTERNATIONAL STANDARD BOOK NUMBER | |
| International Standard Book Number | 9789966257758 |
| 040 ## - CATALOGING SOURCE | |
| Original cataloging agency | DLC |
| Transcribing agency | DLC |
| 042 ## - AUTHENTICATION CODE | |
| Authentication code | lcode |
| 050 00 - LIBRARY OF CONGRESS CALL NUMBER | |
| Classification number | MLCS 2011/01079 (P) |
| 100 1# - MAIN ENTRY--PERSONAL NAME | |
| Personal name | Ngugi, Gerishon. |
| 245 10 - TITLE STATEMENT | |
| Title | Nimelogwa nisiwe na mpenzi / |
| Statement of responsibility, etc. | Gerishon Ngugi. |
| 260 ## - PUBLICATION, DISTRIBUTION, ETC. (IMPRINT) | |
| Place of publication, distribution, etc. | Nairobi, Kenya : |
| Name of publisher, distributor, etc. | East African Educational Publishers, |
| Date of publication, distribution, etc. | 2011. |
| 300 ## - PHYSICAL DESCRIPTION | |
| Extent | viii, 95 p. ; |
| Dimensions | 18 cm. |
| 520 ## - SUMMARY, ETC. | |
| Summary, etc. | A play. |
| 546 ## - LANGUAGE NOTE | |
| Language note | In Swahili. |
| 906 ## - LOCAL DATA ELEMENT F, LDF (RLIN) | |
| a | 7 |
| b | cbc |
| c | origode |
| d | 4 |
| e | ncip |
| f | 20 |
| g | y-gencatlg |
| 942 ## - ADDED ENTRY ELEMENTS (KOHA) | |
| Source of classification or shelving scheme | |
| Koha item type | Africana (Books) |
| Classification part | PL 8704 .N44 2010 |
| Koha issues (borrowed), all copies | 3 |
| Withdrawn status | Lost status | Source of classification or shelving scheme | Damaged status | Not for loan | Home library | Current library | Shelving location | Date acquired | Source of acquisition | Cost, normal purchase price | Total Checkouts | Full call number | Barcode | Date last seen | Date last checked out | Price effective from | Koha item type |
|---|---|---|---|---|---|---|---|---|---|---|---|---|---|---|---|---|---|
| MACHAKOS UNIVERSITY LIBRARY | MACHAKOS UNIVERSITY LIBRARY | Africana | 05/12/2017 | PURCHASE (TEXTBOOK) | 340.00 | 7 | PL 8704 .N44 2010 | 37900 | 06/10/2025 | 06/10/2025 | 05/12/2017 | Africana (Books) | |||||
| MACHAKOS UNIVERSITY LIBRARY | MACHAKOS UNIVERSITY LIBRARY | Africana | 05/12/2017 | PURCHASE (TEXTBOOK) | 340.00 | PL 8704 .N44 2010 | 37901 | 10/11/2023 | 05/12/2017 | Africana (Books) | |||||||
| MACHAKOS UNIVERSITY LIBRARY | MACHAKOS UNIVERSITY LIBRARY | Africana | 05/12/2017 | PURCHASE (TEXTBOOK) | 340.00 | 7 | PL 8704 .N44 2010 | 37902 | 03/04/2023 | 03/04/2023 | 05/12/2017 | Africana (Books) |